Resources today: Plastics

Wedi'i Gadw mewn:
Manylion Llyfryddiaeth
Prif Awdur: Kathryn Whyman
Fformat: Llyfr
Iaith:Undetermined
Cyhoeddwyd: New York Gloucester Press 1987
Pynciau:
Tagiau: Ychwanegu Tag
Dim Tagiau, Byddwch y cyntaf i dagio'r cofnod hwn!
Thư viện lưu trữ: Trung tâm Học liệu Trường Đại học Cần Thơ
LEADER 00464nam a2200181Ia 4500
001 CTU_42946
008 210402s9999 xx 000 0 und d
082 |a 668.4 
082 |b W629 
100 |a Kathryn Whyman 
245 0 |a Resources today: Plastics 
245 0 |c Kathryn Whyman 
260 |a New York 
260 |b Gloucester Press 
260 |c 1987 
650 |a plastics 
904 |i Minh, 010817 
980 |a Trung tâm Học liệu Trường Đại học Cần Thơ